平成に消滅・改称した栃木県の市町村 - Statistics

General Stats
  • This quiz has been taken 30 times
  • The average score is 25 of 32
Answer Stats
変更年月日 変更内容 回答 変更後の市町村 % Correct
2005.01/01 新設合併 黒磯市 那須塩原市
100%
2005.01/01 新設合併 塩原町 那須塩原市
95%
2006.03/20 新設合併 今市市 日光市
95%
2005.01/01 新設合併 西那須野町 那須塩原市
91%
2005.02/28 新設合併 佐野市 佐野市
91%
2005.10/01 新設合併 烏山町 那須烏山市
91%
2006.03/20 新設合併 日光市 日光市
91%
2005.03/28 新設合併 氏家町 さくら市
86%
2006.01/10 新設合併 石橋町 下野市
86%
2006.03/20 新設合併 足尾町 日光市
82%
2010.03/29 新設合併 栃木市 栃木市
82%
2005.02/28 新設合併 葛生町 佐野市
77%
2005.10/01 新設合併 南那須町 那須烏山市
77%
2006.03/20 新設合併 藤原町 日光市
77%
2007.03/31 編入合併 河内町 宇都宮市
77%
2009.03/23 編入合併 二宮町 真岡市
77%
2005.02/28 新設合併 田沼町 佐野市
73%
2005.03/28 新設合併 喜連川町 さくら市
73%
2006.01/10 新設合併 国分寺町 下野市
73%
2006.03/20 新設合併 栗山村 日光市
73%
2010.03/29 新設合併 大平町 栃木市
73%
2011.10/01 編入合併 西方町 栃木市
73%
2005.10/01 新設合併 馬頭町 那珂川町
68%
2007.03/31 編入合併 上河内町 宇都宮市
68%
2014.04/05 編入合併 岩舟町 栃木市
68%
2005.10/01 編入合併 湯津上村 大田原市
64%
2005.10/01 編入合併 黒羽町 大田原市
64%
2006.01/01 編入合併 粟野町 鹿沼市
64%
2006.01/10 新設合併 南河内町 下野市
64%
2010.03/29 新設合併 藤岡町 栃木市
64%
2010.03/29 新設合併 都賀町 栃木市
64%
2005.10/01 新設合併 小川町 那珂川町
55%
No matching quizzes found
Score Distribution
Percent of People with Each Score
Percentile by Number Answered
Your Score History
You have not taken this quiz